[Event "FICGS class M 000110 email"]
[Site "FICGS email"]
[Date "2022.10.14"]
[Round "1"]
[White "Gounant, Stanislas"]
[Black "Duttagupta, Aniruddha"]
[Result "1/2-1/2"]
[WhiteElo "2244"]
[BlackElo "2219"]
[PlyCount "63"]
[EventDate "2022.??.??"]
[EventType "tourn (corr)"]
[EventRounds "6"]
[SourceTitle "Corr 2024"]
[Source "ChessBase"]
[SourceDate "2023.10.19"]
[SourceVersion "1"]
[SourceVersionDate "2023.10.19"]
[SourceQuality "1"]

1. e4 c6 2. d4 d5 3. e5 Bf5 4. h4 h5 5. Bd3 Bxd3 6. Qxd3 e6 7. Bg5 Qb6 8. Nd2 c5 9. c4 Qxb2 10. Rd1 Nc6 11. Ngf3 Nb4 12. Qe2 cxd4 13. 0-0 d3 14. Qe3 Qa3 15. Rb1 Nh6 16. Bxh6 gxh6 17. Rb3 Qxa2 18. cxd5 Nxd5 19. Qxd3 Qa6 20. Qc2 b5 21. Qb2 b4 22. Ne4 Rg8 23. Nf6+ Nxf6 24. exf6 Rd8 25. Rxb4 Bxb4 26. Qxb4 Qd6 27. Qa4+ Kf8 28. Qxa7 Rg6 29. Qe7+ Qxe7 30. fxe7+ Kxe7 31. Ne5 Kf6 32. Nxg6 1/2-1/2

[Event "FICGS class M 000109 email"]
[Site "FICGS email"]
[Date "2022.09.07"]
[Round "1"]
[White "Gounant, Stanislas"]
[Black "Maceda, Coco"]
[Result "1/2-1/2"]
[WhiteElo "2244"]
[BlackElo "2261"]
[PlyCount "71"]
[EventDate "2022.??.??"]
[EventType "tourn (corr)"]
[EventRounds "6"]
[SourceTitle "Corr 2024"]
[Source "ChessBase"]
[SourceDate "2023.10.19"]
[SourceVersion "1"]
[SourceVersionDate "2023.10.19"]
[SourceQuality "1"]

1. e4 c5 2. Nf3 d6 3. d4 cxd4 4. Nxd4 Nf6 5. Nc3 a6 6. f3 e5 7. Nb3 Be6 8. Be3 h5 9. Nd5 Bxd5 10. exd5 Nbd7 11. Qd2 g6 12. Be2 Bg7 13. 0-0 b6 14. c4 0-0 15. Rae1 Re8 16. Kh1 Rc8 17. Qd1 a5 18. Nd2 Nc5 19. b3 e4 20. f4 Qd7 21. a4 Rcd8 22. h3 Qe7 23. g4 hxg4 24. Bxg4 Nd3 25. Re2 Nxg4 26. hxg4 Bb2 27. Rh2 Kg7 28. Kg2 Rh8 29. Rfh1 Rxh2+ 30. Rxh2 Re8 31. g5 f5 32. Qh1 Kg8 33. Rh6 Qg7 34. Qh4 Re7 35. Nf1 Ba3 36. Ng3 1/2-1/2

[Event "FICGS class M 000109 email"]
[Site "FICGS email"]
[Date "2022.09.07"]
[Round "1"]
[White "Gounant, Stanislas"]
[Black "Ozen, Bahadir"]
[Result "1/2-1/2"]
[WhiteElo "2244"]
[BlackElo "2254"]
[PlyCount "38"]
[EventDate "2022.??.??"]
[EventType "tourn (corr)"]
[EventRounds "6"]
[SourceTitle "Corr 2024"]
[Source "ChessBase"]
[SourceDate "2023.10.19"]
[SourceVersion "1"]
[SourceVersionDate "2023.10.19"]
[SourceQuality "1"]

1. e4 e5 2. Nf3 Nc6 3. d4 exd4 4. Nxd4 Nf6 5. Nxc6 bxc6 6. e5 Qe7 7. Qe2 Nd5 8. c4 Ba6 9. Nd2 g6 10. Nf3 Qb4+ 11. Kd1 Ne7 12. h4 d5 13. Qe1 Qxe1+ 14. Kxe1 dxc4 15. b3 Nf5 16. Bxc4 Bxc4 17. bxc4 Bc5 18. Bg5 0-0 19. Rd1 h5 1/2-1/2

[Event "FICGS class M 000107 email"]
[Site "FICGS email"]
[Date "2022.08.17"]
[Round "1"]
[White "Cirulis, Ilmars"]
[Black "Gounant, Stanislas"]
[Result "1/2-1/2"]
[WhiteElo "2268"]
[BlackElo "2242"]
[PlyCount "39"]
[EventDate "2022.??.??"]
[EventType "tourn (corr)"]
[EventRounds "6"]
[SourceTitle "Corr 2024"]
[Source "ChessBase"]
[SourceDate "2023.10.19"]
[SourceVersion "1"]
[SourceVersionDate "2023.10.19"]
[SourceQuality "1"]

1. e3 d5 2. Nf3 Nf6 3. c4 c6 4. d4 Bg4 5. h3 Bh5 6. Nc3 e6 7. g4 Bg6 8. Ne5 Nbd7 9. h4 dxc4 10. Nxg6 hxg6 11. g5 Nd5 12. Bxc4 N7b6 13. Be2 Bb4 14. Bd2 Qe7 15. e4 e5 16. exd5 exd4 17. Kf1 dxc3 18. bxc3 Bc5 19. dxc6 0-0 20. Bf3 1/2-1/2